Statistiques concernant Quiz Teen Wolf

Cliquez ici pour prendre le quiz!

Statistiques générales

  • Ce quiz a été pris 3 071 fois
  • Le résultat moyen est 16 sur 28

Statistiques - réponses

Indice&Personnage% Correct
Personnage toujours armé d'une batteStiles
98%
Personnage douée à l'arcAllison
81%
Personnage principalScott
81%
Personnage au dos tatoué d'un triskelDerek
80%
Personnage errant pendant 2 jours les bois nueLydia
74%
Fille d'Henry TateMalia
73%
Personnage dont le père violent a été tuéIsaac
69%
Personnage ayant du mal à contrôler sa colèreLiam
69%
Personnage aveugleDeucalion
67%
InfirmièreMelissa
65%
Fille du professeur d'histoire à Beacon HillsKira
64%
Personnage qui est resté dans le coma pendant 6 ansPeter
64%
Personnage vivant avec son chéri à LondresEthan
58%
Professeur d'économie et entraîneur sportifCoach
56%
Prénom du "cousin" du meilleur amiMiguel
54%
Personnage qui a tué sa sœurTheo
54%
VétérinaireDeaton
53%
Hôte de la Bête de GévaudanMason
47%
Personnage ayant proposé le loft pour la fête fluorescente pour HalloweenAiden
45%
Personnage qui vient d'une famille de chasseursKate
45%
Ancien militaireParrish
43%
Ennemi puis allié du personnage principalChris
42%
Numéro 37 dans l'équipe de lacrosseJackson
42%
Personnage qui se fond dans le décorCorey
41%
Sheriff à Beacons HillsNoah
41%
Soeur d'une policièreHayden
40%
Proviseur provisoire du lycée de Beacon HillsGerard
37%
Ancien ennemi du numéro 9 de l'équipe de lacrosseBrett
34%

Distribution des résultats

Percentile par nombre de réponses

% des personnes avec chaque résultat

Votre développement - résultats

Vous n’avez pas pris ce quiz